Činnosť ratingových agentúr bakalárska práca

Salvato in:
Dettagli Bibliografici
Autore principale: Balaščíková, Alica
Ente Autore: Národohospodárska fakulta EU. Katedra financií
Altri autori: Alexy, Martin, 1976-
Natura: Libro
Lingua:slovacco
Pubblicazione: Bratislava 2011
Tags: Aggiungi Tag
Nessun Tag, puoi essere il primo ad aggiungerne!!

MARC

LEADER 00000nbm a2200000 4500
001 0139930
005 20161109111654.7
041 0 |a slo 
044 |a SK 
245 1 0 |a Činnosť ratingových agentúr  |b bakalárska práca  |c Alica Balaščíková ; školiteľ: Martin Alexy 
264 1 |a Bratislava  |c 2011 
300 |a 34 s. 
100 1 |a Balaščíková, Alica 
700 1 |a Alexy, Martin, 1976- 
710 2 |a Národohospodárska fakulta EU. Katedra financií